| 000 | 00398nam a2200169Ia 4500 | ||
|---|---|---|---|
| 008 | 230711s9999||||xx |||||||||||||| ||und|| | ||
| 020 | _a978-81-259-4565-9 | ||
| 041 | _aENG | ||
| 082 |
_a800 _bBH-S |
||
| 100 | _aBhattacharya,Gautam | ||
| 245 | 0 | _aSach | |
| 250 | _a1st Ed. | ||
| 260 |
_c2011 _aNew Delhi _bVikas Publishing House Pvt Ltd. |
||
| 300 | _a327 | ||
| 650 | _aLiterature | ||
| 942 | _cBK | ||
| 999 |
_c5309 _d5309 |
||